[Event "Gold Coast op"]
[Site "Gold Coast"]
[Date "2022.06.25"]
[Round "4"]
[White "Puccini, Jack"]
[Black "Renjith, Sravan"]
[Result "1/2-1/2"]
[WhiteElo "2321"]
[BlackElo "2168"]
[PlyCount "66"]
[EventDate "2022.06.23"]
[EventType "swiss"]
[EventRounds "9"]
[EventCountry "AUS"]
[SourceTitle "CBM 209 Extra"]
[Source "ChessBase"]
[SourceDate "2022.09.30"]
[SourceVersion "1"]
[SourceVersionDate "2022.09.30"]
[SourceQuality "1"]

1. e4 e5 2. Nf3 Nf6 3. Nxe5 d6 4. Nf3 Nxe4 5. Nc3 Nxc3 6. dxc3 Be7 7. Be3 Nc6 8. Qd2 Be6 9. 0-0-0 0-0 10. Kb1 Ne5 11. Nd4 Nc4 12. Qe2 Nxe3 13. Nxe6 fxe6 14. Qxe3 e5 15. Bd3 c6 16. h4 Qb6 17. Qe4 g6 18. Qg4 Qd8 19. Bxg6 hxg6 20. Qxg6+ Kh8 21. Rh3 Rf6 22. Qh5+ Kg7 23. Rg3+ Kf8 24. Rdd3 e4 25. Qh7 Ke8 26. Rg8+ Rf8 27. Rxf8+ Bxf8 28. Qxe4+ Kd7 29. a3 Qe7 30. Qf5+ Qe6 31. Qh7+ Qe7 32. Qf5+ Qe6 33. Qh7+ Qe7 1/2-1/2

[Event "Titled Tuesday intern op 03rd May Early"]
[Site "Chess.com INT"]
[Date "2022.05.03"]
[Round "9"]
[White "Puccini, Jack"]
[Black "Rabineau, Clement"]
[Result "0-1"]
[WhiteElo "2321"]
[BlackElo "2185"]
[PlyCount "218"]
[EventDate "2022.05.03"]
[EventType "swiss (blitz)"]
[EventRounds "11"]
[EventCountry "USA"]
[SourceTitle "CBM 208 Extra"]
[Source "ChessBase"]
[SourceDate "2022.07.31"]
[SourceVersion "1"]
[SourceVersionDate "2022.07.31"]
[SourceQuality "1"]

1. e4 d6 2. d4 g6 3. Nf3 Bg7 4. Bc4 Nf6 5. Qe2 0-0 6. e5 dxe5 7. dxe5 Nd5 8. h3 c6 9. 0-0 a5 10. Re1 b5 11. Bd3 Na6 12. c3 Nc5 13. Bc2 a4 14. Be3 Ne6 15. g3 Qc7 16. Bc1 Nb6 17. Nbd2 Nc5 18. Ne4 Nxe4 19. Bxe4 Bxh3 20. Bf4 Qc8 21. Ng5 Bf5 22. Kg2 h6 23. Nf3 Nd5 24. Bd2 Bh3+ 25. Kh2 Bf5 26. Kg2 Rd8 27. Rh1 h5 28. Rae1 Nb6 29. Bc1 Nc4 30. Bf4 Bxe4 31. Qxe4 Nxb2 32. Ng5 Nd3 33. Re3 Nc5 34. Qf3 Ne6 35. Ree1 Nxg5 36. Bxg5 Qe6 37. Rh4 Rd5 38. g4 Rxe5 39. Rxe5 Qxe5 40. Bf4 Qf6 41. Qg3 e5 42. Be3 hxg4 43. Rxg4 Rd8 44. Bg5 Qd6 45. Bxd8 Qxd8 46. Qe3 Qd5+ 47. Qe4 Qxa2 48. Qxc6 Bf8 49. Qxb5 Qb3 50. Qxa4 Qxc3 51. Qc4 Qd2 52. Qe4 Qc1 53. Rg3 Qc7 54. Qf3 Qe7 55. Qe2 Bg7 56. Rf3 Qe6 57. Re3 Qc6+ 58. Qf3 Qc5 59. Re2 Qb6 60. Qe3 Qc6+ 61. Qe4 Qf6 62. Rd2 Qg5+ 63. Kf1 Qxd2 64. Qa8+ Bf8 65. Qe4 Qd1+ 66. Kg2 Qd6 67. Qc4 Qe6 68. Qd3 Qc6+ 69. Kf1 Qc7 70. Qd5 Qd6 71. Qa8 Kg7 72. Kg2 Be7 73. Kf1 Qe6 74. Qe4 Qf5 75. Qb7 Qh3+ 76. Ke1 Qe6 77. Kf1 Bf6 78. Qa8 Qc4+ 79. Kg1 Qf4 80. Kf1 Bh4 81. Qa2 Qxf2+ 82. Qxf2 Bxf2 83. Kxf2 f5 84. Ke3 Kf6 85. Kf3 g5 86. Ke2 g4 87. Kf2 Kg5 88. Kg2 f4 89. Kf1 e4 90. Kf2 Kf5 91. Kg1 Ke5 92. Kf1 Kd4 93. Ke2 g3 94. Ke1 Ke3 95. Kf1 Kd2 96. Kg2 Ke2 97. Kg1 f3 98. Kh1 Ke3 99. Kg1 Kf4 100. Kf1 e3 101. Ke1 g2 102. Kd1 g1Q+ 103. Kc2 f2 104. Kd3 f1Q+ 105. Kc3 Qe1+ 106. Kb3 Qc1 107. Kb4 Qg2 108. Kb3 Qgb2+ 109. Ka4 Qca1# 0-1

[Event "Titled Tuesday intern op 03rd May Early"]
[Site "Chess.com INT"]
[Date "2022.05.03"]
[Round "6"]
[White "Puccini, Jack"]
[Black "Valle Maytin, Luis Enrique"]
[Result "1-0"]
[WhiteElo "2321"]
[BlackElo "2268"]
[PlyCount "71"]
[EventDate "2022.05.03"]
[EventType "swiss (blitz)"]
[EventRounds "11"]
[EventCountry "USA"]
[SourceTitle "CBM 208 Extra"]
[Source "ChessBase"]
[SourceDate "2022.07.31"]
[SourceVersion "1"]
[SourceVersionDate "2022.07.31"]
[SourceQuality "1"]

1. e4 c6 2. d4 d5 3. e5 c5 4. dxc5 Nc6 5. a3 e6 6. Nf3 Bxc5 7. b4 Bb6 8. Bd3 Nge7 9. 0-0 Ng6 10. Bb2 0-0 11. Re1 a5 12. b5 Nce7 13. a4 Bc5 14. Nbd2 b6 15. Nb3 Qc7 16. g3 Bb7 17. Nbd4 Rfc8 18. h4 Nf8 19. h5 h6 20. c3 Nd7 21. Qe2 Re8 22. Nh4 Rac8 23. Rac1 Rcd8 24. Rc2 Nc8 25. Bc1 Bf8 26. Nb3 Nc5 27. Nxc5 bxc5 28. c4 d4 29. Qg4 Kh8 30. Ng6+ Kg8 31. Bxh6 fxg6 32. Qxg6 Ne7 33. Qh7+ Kf7 34. Bg5 Rd7 35. Bg6+ Nxg6 36. hxg6# 1-0

[Event "Begonia op 55th"]
[Site "Ballarat"]
[Date "2021.03.07"]
[Round "3"]
[White "Puccini, Jack"]
[Black "Li, Tedric"]
[Result "1-0"]
[WhiteElo "2306"]
[BlackElo "1508"]
[PlyCount "29"]
[EventDate "2021.03.06"]
[EventType "swiss"]
[EventRounds "7"]
[EventCountry "AUS"]
[SourceTitle "CBM 201 Extra"]
[Source "ChessBase"]
[SourceDate "2021.05.31"]
[SourceVersion "1"]
[SourceVersionDate "2021.05.31"]
[SourceQuality "1"]

1. e4 c6 2. d4 d5 3. e5 Bf5 4. h4 h5 5. Bg5 Qb6 6. Bd3 Bxd3 7. Qxd3 Qxb2 8. e6 Qxa1 9. Qb3 Qxd4 10. Qxb7 Qe4+ 11. Ne2 Qxe6 12. Rh3 Nf6 13. Bxf6 gxf6 14. Qxa8 Qd6 15. Rb3 1-0

[Event "Begonia op 55th"]
[Site "Ballarat"]
[Date "2021.03.07"]
[Round "4"]
[White "Tan, Justin Hy"]
[Black "Puccini, Jack"]
[Result "1-0"]
[WhiteElo "2496"]
[BlackElo "2306"]
[PlyCount "105"]
[EventDate "2021.03.06"]
[EventType "swiss"]
[EventRounds "7"]
[EventCountry "AUS"]
[SourceTitle "CBM 201 Extra"]
[Source "ChessBase"]
[SourceDate "2021.05.31"]
[SourceVersion "1"]
[SourceVersionDate "2021.05.31"]
[SourceQuality "1"]

1. e4 d5 2. exd5 Qxd5 3. Nc3 Qd8 4. d4 Nf6 5. Nf3 Bg4 6. h3 Bxf3 7. Qxf3 c6 8. g4 e6 9. g5 Nd5 10. Bd2 Nxc3 11. Qxc3 Qd5 12. Rg1 Nd7 13. Bc4 Qe4+ 14. Kf1 Bd6 15. Re1 Qf5 16. Rg4 Nb6 17. Be2 Qd5 18. Kg1 Na4 19. Qe3 Nb6 20. b3 Bc7 21. Bb4 Qd7 22. c4 0-0-0 23. a4 Kb8 24. a5 Nc8 25. a6 b6 26. Bf3 h5 27. Re4 Bd6 28. Bc3 Ne7 29. Bg2 Qc7 30. Qf3 Ng6 31. b4 Rhe8 32. Bd2 Re7 33. Rc1 Red7 34. Kh1 Be5 35. d5 exd5 36. cxd5 Rxd5 37. Be3 b5 38. Qxh5 Qd7 39. Qe2 Rd1+ 40. Rxd1 Qxd1+ 41. Bf1 Qd5 42. Qf3 Nh4 43. Qg4 Ng6 44. Kg1 Rh8 45. Bg2 Qa2 46. Bxa7+ Kxa7 47. Qd7+ Kxa6 48. Qxc6+ Ka7 49. Rc4 Qa6 50. Qd7+ Kb8 51. Rc5 Qa1+ 52. Bf1 Ka8 53. Rxb5 1-0

[Event "AUS-ch"]
[Site "Sydney"]
[Date "2020.01.13"]
[Round "11"]
[White "Bjelobrk, Igor"]
[Black "Puccini, Jack"]
[Result "1/2-1/2"]
[WhiteElo "2403"]
[BlackElo "2265"]
[PlyCount "113"]
[EventDate "2020.01.02"]
[EventType "swiss"]
[EventRounds "11"]
[EventCountry "AUS"]
[SourceTitle "CBM 194 Extra"]
[Source "ChessBase"]
[SourceDate "2020.03.31"]
[SourceVersion "1"]
[SourceVersionDate "2020.03.31"]
[SourceQuality "1"]

1. d4 Nf6 2. c4 g6 3. Nc3 Bg7 4. e4 d6 5. Nf3 0-0 6. h3 e5 7. d5 a5 8. Be3 Na6 9. g4 Nd7 10. a3 Nb6 11. Rg1 Bd7 12. h4 Nc5 13. b3 Qe7 14. Rb1 Rfc8 15. h5 c6 16. hxg6 fxg6 17. Nd2 cxd5 18. exd5 e4 19. Bxc5 Rxc5 20. Ncxe4 Rf8 21. Qe2 Qh4 22. Qe3 Be5 23. Nf3 Rxf3 24. Qxf3 Rc8 25. Bd3 Rf8 26. Qh1 Qe7 27. Kf1 Rf4 28. g5 Bf5 29. Re1 Nd7 30. Rg3 Qf7 31. Re2 Rxe4 32. Bxe4 Bxg3 33. Bxf5 Qxf5 34. Qe4 Be5 35. Qxf5 gxf5 36. f4 Bxf4 37. Re7 Nc5 38. b4 axb4 39. axb4 Ne4 40. Rxb7 Nd2+ 41. Ke2 Nxc4 42. b5 Bh2 43. b6 Nxb6 44. Rxb6 Kf7 45. Rb3 Kg6 46. Rh3 Be5 47. Rh6+ Kxg5 48. Rxh7 Kf4 49. Kd3 Kg5 50. Re7 Bh2 51. Re6 Bg3 52. Kc4 Kg4 53. Kb5 Bh2 54. Kc6 Bf4 55. Kd7 Be5 56. Rg6+ Kf3 57. Rxd6 1/2-1/2

[Event "AUS-ch"]
[Site "Sydney"]
[Date "2020.01.05"]
[Round "4"]
[White "Puccini, Jack"]
[Black "Clarke, Brandon GI"]
[Result "0-1"]
[WhiteElo "2265"]
[BlackElo "2438"]
[PlyCount "64"]
[EventDate "2020.01.02"]
[EventType "swiss"]
[EventRounds "11"]
[EventCountry "AUS"]
[SourceTitle "CBM 194 Extra"]
[Source "ChessBase"]
[SourceDate "2020.03.31"]
[SourceVersion "1"]
[SourceVersionDate "2020.03.31"]
[SourceQuality "1"]

1. e4 c5 2. Nf3 Nc6 3. d4 cxd4 4. Nxd4 Qb6 5. Nb3 Nf6 6. Nc3 e6 7. a3 a6 8. Be2 Qc7 9. 0-0 b5 10. f4 d6 11. Be3 Be7 12. Bf3 Bb7 13. g4 0-0 14. g5 Nd7 15. Bg2 Nb6 16. Nd2 Na5 17. Qh5 Nac4 18. Nxc4 Nxc4 19. Rae1 Nxb2 20. Bd4 e5 21. Nd5 Bxd5 22. Bxb2 Bb7 23. Rf3 g6 24. Qh6 f5 25. Rh3 Rf7 26. exf5 Qc5+ 27. Ree3 Bxg2 28. fxg6 Rg7 29. gxh7+ Kh8 30. Rhg3 Qxc2 31. Bc3 Rf8 32. g6 Be4 0-1

[Event "Sydney op"]
[Site "Sydney"]
[Date "2019.04.26"]
[Round "6"]
[White "Ikeda, Junta"]
[Black "Puccini, Jack"]
[Result "1-0"]
[WhiteElo "2441"]
[BlackElo "2261"]
[PlyCount "107"]
[EventDate "2019.04.24"]
[EventType "swiss"]
[EventRounds "9"]
[EventCountry "AUS"]
[SourceTitle "CBM 190 Extra"]
[Source "ChessBase"]
[SourceDate "2019.07.15"]
[SourceVersion "1"]
[SourceVersionDate "2019.07.15"]
[SourceQuality "1"]

1. d4 Nf6 2. Nf3 g6 3. g3 Bg7 4. Bg2 0-0 5. 0-0 d6 6. c4 c6 7. Nc3 Qa5 8. h3 Be6 9. Nd2 Qa6 10. d5 cxd5 11. cxd5 Bd7 12. a4 Rc8 13. e4 Qd3 14. Re1 Na6 15. Bf1 Qd4 16. Qe2 Nc5 17. a5 Nh5 18. Kg2 Qb4 19. Qc4 Na6 20. Qe2 Bxh3+ 21. Kxh3 Rxc3 22. Kg2 Rc2 23. Qd3 Rac8 24. Nf3 Bxb2 25. Bxb2 Qxb2 26. Reb1 Qf6 27. Ra3 R8c3 28. Rxc3 Qxc3 29. Qxc3 Rxc3 30. Rxb7 Nc5 31. Rxa7 Ra3 32. a6 Nf6 33. Rxe7 Kf8 34. Rc7 Nfxe4 35. a7 Kg7 36. Bb5 Ra2 37. Bc6 Rxf2+ 38. Kh3 Rxf3 39. a8Q Rf2 40. Qd8 h6 41. Rc8 Ng5+ 42. Kh4 Nf3+ 43. Kg4 h5+ 44. Kf4 Ne5+ 45. Ke3 Ng4+ 46. Kd4 Rd2+ 47. Kc3 Ne4+ 48. Kb4 Kh6 49. Qf8+ Kg5 50. Qxf7 Rf2 51. Qe7+ Ngf6 52. Rf8 Rb2+ 53. Ka3 Rf2 54. Rxf6 1-0

[Event "Sydney op"]
[Site "Sydney"]
[Date "2019.04.26"]
[Round "5"]
[White "Puccini, Jack"]
[Black "Fernandez, Daniel Howard"]
[Result "1/2-1/2"]
[WhiteElo "2261"]
[BlackElo "2467"]
[PlyCount "114"]
[EventDate "2019.04.24"]
[EventType "swiss"]
[EventRounds "9"]
[EventCountry "AUS"]
[SourceTitle "CBM 190 Extra"]
[Source "ChessBase"]
[SourceDate "2019.07.15"]
[SourceVersion "1"]
[SourceVersionDate "2019.07.15"]
[SourceQuality "1"]

1. e4 g6 2. d4 Bg7 3. Nf3 d6 4. Bc4 e6 5. Bb3 Ne7 6. 0-0 Nd7 7. Re1 0-0 8. c3 b6 9. Nbd2 h6 10. h4 c5 11. Nf1 Nf6 12. Ng3 cxd4 13. cxd4 Nc6 14. h5 Nxh5 15. Nxh5 gxh5 16. Be3 Na5 17. g3 Nxb3 18. axb3 Bb7 19. d5 exd5 20. Nh4 Re8 21. Qxh5 Qf6 22. Nf5 Rxe4 23. Bxh6 Bxh6 24. Nxh6+ Kf8 25. Ng4 Qg7 26. Rxe4 dxe4 27. Rd1 Rd8 28. Qh4 Re8 29. Rxd6 e3 30. Nxe3 Qxb2 31. Qh6+ Qg7 32. Qxg7+ Kxg7 33. Rd7 Bf3 34. Rxa7 Rc8 35. g4 Rh8 36. Nf5+ Kg6 37. Ng3 Re8 38. Ra4 Kg5 39. Rb4 Re6 40. Nf5 Bxg4 41. Ne3 Bf3 42. Rb5+ Kg6 43. Nc4 Be2 44. Rb4 Bxc4 45. Rxc4 Kf5 46. Kg2 Ke5 47. Kf3 Kd5 48. Rf4 f6 49. Rf5+ Kc6 50. Kg3 b5 51. b4 Re4 52. Rxf6+ Kd5 53. Rf4 Rxf4 54. Kxf4 Kc4 55. Ke5 Kxb4 56. f4 Kc3 57. f5 b4 1/2-1/2

[Event "Sydney op"]
[Site "Sydney"]
[Date "2019.04.25"]
[Round "4"]
[White "Puccini, Jack"]
[Black "Xie, George Wendi"]
[Result "1-0"]
[WhiteElo "2261"]
[BlackElo "2359"]
[PlyCount "53"]
[EventDate "2019.04.24"]
[EventType "swiss"]
[EventRounds "9"]
[EventCountry "AUS"]
[SourceTitle "CBM 190 Extra"]
[Source "ChessBase"]
[SourceDate "2019.07.15"]
[SourceVersion "1"]
[SourceVersionDate "2019.07.15"]
[SourceQuality "1"]

1. e4 c5 2. d4 cxd4 3. c3 dxc3 4. Nxc3 Nc6 5. Nf3 d6 6. Bc4 e6 7. 0-0 Be7 8. Qe2 Nf6 9. Rd1 e5 10. Be3 0-0 11. Rac1 Bg4 12. h3 Bxf3 13. Qxf3 a6 14. a3 Rc8 15. Ba2 b5 16. Nd5 Nxd5 17. Bxd5 Qd7 18. Qg4 Qe8 19. Rc3 Nd4 20. Rxd4 Rxc3 21. bxc3 exd4 22. Bxd4 g6 23. h4 Qc8 24. Qf4 Qd8 25. g3 g5 26. Qf5 a5 27. f4 1-0

[Event "Doeberl Cup 56th"]
[Site "Canberra"]
[Date "2018.03.31"]
[Round "6"]
[White "Wright, Neil"]
[Black "Puccini, Jack"]
[Result "1-0"]
[WhiteElo "2110"]
[BlackElo "2264"]
[PlyCount "61"]
[EventDate "2018.03.29"]
[EventType "swiss"]
[EventRounds "9"]
[EventCountry "AUS"]
[SourceTitle "CBM 187 Extra"]
[Source "ChessBase"]
[SourceDate "2018.11.04"]
[SourceVersion "1"]
[SourceVersionDate "2018.11.04"]
[SourceQuality "1"]

1. e4 d5 2. exd5 Qxd5 3. Nc3 Qd8 4. d4 Nf6 5. Bd3 Bg4 6. f3 Bh5 7. Nh3 Bg6 8. Nf4 e6 9. Qe2 c6 10. Be3 Bb4 11. 0-0 0-0 12. Ne4 Nd5 13. Nxg6 hxg6 14. Ng5 c5 15. Qf2 Nxe3 16. Qh4 Re8 17. Bxg6 Nc6 18. Bxf7+ Kf8 19. Bxe8 Kxe8 20. Qf4 Nf5 21. Nxe6 Ncxd4 22. Rfe1 Bxe1 23. Rxe1 Qh4 24. Qxh4 Nxh4 25. Nc7+ Kd7 26. Nxa8 Nhf5 27. Re5 Kd6 28. f4 g6 29. c3 Nc6 30. Re8 Nfe7 31. Kf2 1-0

[Event "Doeberl Cup 56th"]
[Site "Canberra"]
[Date "2018.03.30"]
[Round "4"]
[White "Kunte, Abhijit"]
[Black "Puccini, Jack"]
[Result "1-0"]
[WhiteElo "2499"]
[BlackElo "2264"]
[PlyCount "137"]
[EventDate "2018.03.29"]
[EventType "swiss"]
[EventRounds "9"]
[EventCountry "AUS"]
[SourceTitle "CBM 187 Extra"]
[Source "ChessBase"]
[SourceDate "2018.11.04"]
[SourceVersion "1"]
[SourceVersionDate "2018.11.04"]
[SourceQuality "1"]

1. Nf3 Nf6 2. g3 g6 3. b3 Bg7 4. Bb2 0-0 5. Bg2 c5 6. c4 Nc6 7. 0-0 d6 8. d4 cxd4 9. Nxd4 Bd7 10. e3 Qa5 11. Nc3 Rfc8 12. Qd2 a6 13. Rfd1 Rab8 14. Nce2 Qxd2 15. Rxd2 Ng4 16. Nc3 Nf6 17. Nce2 Ng4 18. Rc1 Nxd4 19. Bxd4 Bc6 20. Nc3 Bxg2 21. Kxg2 Bxd4 22. exd4 Nf6 23. Rdc2 b5 24. cxb5 axb5 25. Nd5 Rxc2 26. Nxf6+ exf6 27. Rxc2 Kf8 28. a4 bxa4 29. bxa4 Ra8 30. Ra2 Ra5 31. Kf3 Ke7 32. Ke4 Ke6 33. d5+ Kd7 34. g4 Kc7 35. Rc2+ Kd7 36. Rc4 Ra8 37. Kd4 Ra5 38. Rb4 Kc7 39. h4 Kc8 40. Rc4+ Kd7 41. f3 Kd8 42. Ke4 Kd7 43. Rb4 Kc8 44. Rd4 Kd7 45. Rc4 Kd8 46. Kd3 Kd7 47. Kd4 Kd8 48. Rb4 Kc7 49. Ke4 Kc8 50. Ke3 Rxd5 51. Rf4 Kd7 52. Rxf6 Ke7 53. Rf4 Ra5 54. Kd3 Ke6 55. Kc3 g5 56. Re4+ Kf6 57. Kb4 Ra8 58. a5 d5 59. Re3 d4 60. Ra3 Ke5 61. Kc4 Rc8+ 62. Kd3 Ra8 63. a6 Ra7 64. h5 Ra8 65. h6 Ra7 66. Kc4 Rc7+ 67. Kb5 Rc3 68. Ra5 d3 69. Kb4+ 1-0

[Event "Begonia op 52nd"]
[Site "Ballarat"]
[Date "2018.03.10"]
[Round "2"]
[White "Puccini, Jack"]
[Black "Davis, Tony J"]
[Result "1-0"]
[WhiteElo "2264"]
[BlackElo "1910"]
[PlyCount "59"]
[EventDate "2018.03.10"]
[EventType "swiss"]
[EventRounds "7"]
[EventCountry "AUS"]
[SourceTitle "EXT 2019"]
[Source "ChessBase"]
[SourceDate "2018.10.10"]
[SourceVersion "1"]
[SourceVersionDate "2018.10.10"]
[SourceQuality "1"]

1. e4 d6 2. d4 Nf6 3. Nc3 c6 4. f4 Qa5 5. Bd3 e5 6. Nf3 Nbd7 7. Qe2 Be7 8. Bd2 Qc7 9. a4 b6 10. 0-0 0-0 11. Kh1 a6 12. Nd1 Re8 13. Nf2 Bf8 14. dxe5 dxe5 15. f5 Nc5 16. Bc4 Bb7 17. g4 b5 18. Ba2 Rad8 19. Bg5 Nxa4 20. Bxf6 gxf6 21. g5 Bg7 22. Ng4 Qe7 23. gxf6 Bxf6 24. Nh6+ Kf8 25. Rg1 Qb4 26. Ng8 Bh8 27. Ng5 Kxg8 28. Ne6+ Bg7 29. Rxg7+ Kh8 30. Rxh7+ 1-0

[Event "AUS-ch"]
[Site "Cammeray"]
[Date "2018.01.11"]
[Round "10"]
[White "Puccini, Jack"]
[Black "Kethro, Michael"]
[Result "1-0"]
[WhiteElo "2278"]
[BlackElo "2195"]
[PlyCount "131"]
[EventDate "2018.01.02"]
[EventType "swiss"]
[EventRounds "11"]
[EventCountry "AUS"]
[SourceTitle "CBM 182 Extra"]
[Source "ChessBase"]
[SourceDate "2018.02.23"]
[SourceVersion "1"]
[SourceVersionDate "2018.02.23"]
[SourceQuality "1"]

1. e4 c5 2. Nf3 e6 3. d4 cxd4 4. Nxd4 Nc6 5. Nc3 Qc7 6. Be3 a6 7. Bd3 Nf6 8. 0-0 b5 9. Nxc6 dxc6 10. f4 h5 11. h3 h4 12. e5 Nd5 13. Qf3 Bb7 14. Nxd5 cxd5 15. Bd4 g6 16. Qe3 Rc8 17. c3 Bc5 18. Rfc1 0-0 19. b4 Bxd4 20. cxd4 Qd7 21. Rc5 Rxc5 22. bxc5 b4 23. Qd2 Qa4 24. Bc2 Qa3 25. Qd3 Qb2 26. Rb1 Qxa2 27. Rxb4 Bc6 28. Bb1 Qa1 29. Kh2 Bb5 30. Qc2 Bc4 31. Qb2 Qa5 32. Bc2 Kg7 33. Qc3 Bb5 34. Rb3 Qa2 35. Rb2 Qa1 36. Bb1 Bc4 37. Qc2 a5 38. Qd2 a4 39. Rb7 Qa3 40. Qf2 Rh8 41. Bc2 Qg3+ 42. Qxg3 hxg3+ 43. Kxg3 a3 44. Ra7 a2 45. Kf2 Rb8 46. Ke3 Kf8 47. c6 Rc8 48. Bd3 Bb3 49. Bb5 Bc4 50. Bxc4 dxc4 51. Rxa2 Rxc6 52. Rc2 Ra6 53. Rxc4 Ra3+ 54. Ke4 Ra2 55. Kf3 Rd2 56. g3 Rd3+ 57. Kg4 Kg7 58. Kh4 Rd1 59. Rb4 Rd2 60. g4 Rd3 61. Ra4 Kh6 62. Ra7 Kg7 63. Rd7 Re3 64. Kg5 Rxh3 65. d5 exd5 66. e6 1-0

[Event "AUS-ch"]
[Site "Cammeray"]
[Date "2018.01.10"]
[Round "9"]
[White "Puccini, Jack"]
[Black "Nakauchi, Gene"]
[Result "0-1"]
[WhiteElo "2278"]
[BlackElo "2208"]
[PlyCount "82"]
[EventDate "2018.01.02"]
[EventType "swiss"]
[EventRounds "11"]
[EventCountry "AUS"]
[SourceTitle "CBM 182 Extra"]
[Source "ChessBase"]
[SourceDate "2018.02.23"]
[SourceVersion "1"]
[SourceVersionDate "2018.02.23"]
[SourceQuality "1"]

1. e4 c5 2. d4 cxd4 3. c3 dxc3 4. Nxc3 a6 5. Bc4 e6 6. Nf3 Ne7 7. Be3 Ng6 8. 0-0 d6 9. Qb3 Be7 10. Bb6 Qd7 11. Nd4 Nc6 12. Rad1 Nxd4 13. Rxd4 0-0 14. f4 Kh8 15. g3 e5 16. Rd3 exf4 17. gxf4 Bh4 18. Nd5 Qg4+ 19. Kh1 f5 20. Qc3 fxe4 21. Bd4 Rg8 22. Re3 Be6 23. Rxe4 Rac8 24. Qd3 Rxc4 25. Qxc4 Ne7 26. Rxe6 Qxe6 27. Ne3 Qe4+ 28. Kg1 Nc6 29. Bb6 Qg6+ 30. Kh1 Re8 31. f5 Qh5 32. Qf4 Bf6 33. Qxd6 Bxb2 34. Qg3 Be5 35. Qg2 Nd4 36. Ng4 Nxf5 37. Nxe5 Rxe5 38. Bd4 Re7 39. Qf2 Nh6 40. Qf8+ Ng8 41. Qd8 Qg4 0-1

[Event "AUS-ch"]
[Site "Cammeray"]
[Date "2018.01.08"]
[Round "7"]
[White "Parle, Hughston"]
[Black "Puccini, Jack"]
[Result "0-1"]
[WhiteElo "1961"]
[BlackElo "2278"]
[PlyCount "146"]
[EventDate "2018.01.02"]
[EventType "swiss"]
[EventRounds "11"]
[EventCountry "AUS"]
[SourceTitle "CBM 182 Extra"]
[Source "ChessBase"]
[SourceDate "2018.02.23"]
[SourceVersion "1"]
[SourceVersionDate "2018.02.23"]
[SourceQuality "1"]

1. d4 Nf6 2. c4 g6 3. Nc3 Bg7 4. e4 d6 5. Be2 0-0 6. Be3 c5 7. Nf3 Ng4 8. Bg5 cxd4 9. Nxd4 Qb6 10. Bxg4 Bxg4 11. Qxg4 Qxb2 12. 0-0 Qxc3 13. Bxe7 Qxd4 14. Bxf8 Bxf8 15. Qc8 Qc5 16. Qxb7 Qc6 17. Rab1 Qxb7 18. Rxb7 Nc6 19. Rc7 Nd4 20. Rb1 Ne6 21. Rcb7 a6 22. Rb8 Ra7 23. Rc8 Kg7 24. g3 Nc5 25. f3 Be7 26. Rb6 Rd7 27. Kf2 Bd8 28. Rb1 Bf6 29. Rd1 Ne6 30. Rc6 Bd4+ 31. Kg2 Rb7 32. Rd2 Be3 33. Rd3 Rb2+ 34. Kf1 Rb1+ 35. Ke2 Nd4+ 36. Kxe3 Nxc6 37. Rxd6 Nb4 38. c5 Rc1 39. Rb6 a5 40. Rb5 Nxa2 41. Rxa5 Nb4 42. Rb5 Rc4 43. h4 Nc6 44. Kd3 Ne5+ 45. Ke3 Nd7 46. h5 Nxc5 47. hxg6 hxg6 48. Rb8 Ne6 49. Rb3 Kf6 50. Rd3 Nc5 51. Rd6+ Ne6 52. Rd3 Rb4 53. Ra3 Nc5 54. Kf4 Rb3 55. e5+ Ke6 56. Ra5 Rc3 57. Rb5 Rc4+ 58. Kg5 Kxe5 59. g4 Ke6 60. f4 Ke7 61. f5 Ne4+ 62. Kh6 gxf5 63. Rxf5 Nf6 64. Re5+ Kf8 65. Ra5 Rxg4 66. Ra8+ Ne8 67. Kh5 Rg6 68. Rb8 Ke7 69. Rb7+ Ke6 70. Rb6+ Nd6 71. Ra6 Rg1 72. Ra2 f5 73. Re2+ Ne4 0-1

[Event "AUS-ch"]
[Site "Cammeray"]
[Date "2018.01.05"]
[Round "5"]
[White "Xie, George Wendi"]
[Black "Puccini, Jack"]
[Result "1/2-1/2"]
[WhiteElo "2369"]
[BlackElo "2278"]
[PlyCount "125"]
[EventDate "2018.01.02"]
[EventType "swiss"]
[EventRounds "11"]
[EventCountry "AUS"]
[SourceTitle "CBM 182 Extra"]
[Source "ChessBase"]
[SourceDate "2018.02.23"]
[SourceVersion "1"]
[SourceVersionDate "2018.02.23"]
[SourceQuality "1"]

1. d4 Nf6 2. Nc3 d5 3. Bg5 Nbd7 4. Qd3 c5 5. Bxf6 Nxf6 6. dxc5 e6 7. e4 dxe4 8. Qxd8+ Kxd8 9. 0-0-0+ Kc7 10. Nb5+ Kb8 11. Nd6 Bxd6 12. cxd6 Rd8 13. Nh3 h6 14. c4 b6 15. g4 Ne8 16. d7 Rxd7 17. Bg2 Nd6 18. Rhe1 Kc7 19. Bxe4 Nxe4 20. Rxd7+ Kxd7 21. Rxe4 Bb7 22. Re3 Rc8 23. Rc3 Ba6 24. Ra3 Rxc4+ 25. Kd2 Bb7 26. Rxa7 Kc7 27. f3 Rd4+ 28. Ke3 Rb4 29. b3 Kb8 30. Ra3 h5 31. gxh5 Rh4 32. Ng5 Rxh5 33. Kf4 Bd5 34. Kg4 Rxh2 35. Nxf7 Rg2+ 36. Kf4 Rf2 37. Ne5 Rh2 38. Ng4 Rd2 39. Ra4 Kb7 40. Ke3 Rc2 41. Ne5 Rh2 42. Nd3 g5 43. Nf2 Rh8 44. Ne4 Rg8 45. Rd4 Kc6 46. Nd2 Ra8 47. a4 b5 48. axb5+ Kxb5 49. Rg4 Ra3 50. Rxg5 Kc6 51. Rg8 Kc7 52. Rg1 Bxb3 53. Rc1+ Bc2+ 54. Kf4 Rc3 55. Ne4 Rc6 56. Ra1 Bxe4 57. fxe4 Rc5 58. Ra7+ Kd6 59. e5+ Kc6 60. Ra6+ Kd7 61. Ra7+ Kc6 62. Ra6+ Kd7 63. Ra7+ 1/2-1/2

[Event "AUS-ch"]
[Site "Cammeray"]
[Date "2018.01.04"]
[Round "4"]
[White "Puccini, Jack"]
[Black "Cheng, Bobby Sky"]
[Result "0-1"]
[WhiteElo "2278"]
[BlackElo "2504"]
[PlyCount "90"]
[EventDate "2018.01.02"]
[EventType "swiss"]
[EventRounds "11"]
[EventCountry "AUS"]
[SourceTitle "CBM 182 Extra"]
[Source "ChessBase"]
[SourceDate "2018.02.23"]
[SourceVersion "1"]
[SourceVersionDate "2018.02.23"]
[SourceQuality "1"]

1. e4 e6 2. d4 d5 3. Nc3 Nf6 4. Bg5 dxe4 5. Nxe4 Be7 6. Bxf6 gxf6 7. Qd3 f5 8. Nc3 Qd6 9. 0-0-0 Nd7 10. Nf3 a6 11. d5 Qf4+ 12. Kb1 Nc5 13. Qe2 Ne4 14. Qc4 Bd6 15. Nxe4 fxe4 16. Rd4 f5 17. dxe6 Ke7 18. Be2 Bxe6 19. Qc3 Rhd8 20. g3 Qh6 21. Nh4 b6 22. Qc6 Qf6 23. Rxd6 cxd6 24. Qb7+ Bd7 25. Rd1 Rab8 26. Qxa6 Bc6 27. Qa7+ Rb7 28. Qa3 Kf7 29. Qe3 Re7 30. Bc4+ d5 31. Bb3 Bb7 32. Rd4 f4 33. Qxf4 Qxf4 34. gxf4 Kf6 35. Kc1 Rg7 36. h3 Rg1+ 37. Kd2 Rh1 38. Ng2 Rh2 39. Ne3 Rxf2+ 40. Ke1 Rxf4 41. Rb4 Rd6 42. c3 Rf3 43. Kd2 Rxh3 44. a4 Rh2+ 45. Kc1 Re2 0-1

[Event "Bangkok op 17th"]
[Site "Bangkok"]
[Date "2017.04.11"]
[Round "4"]
[White "Rozum, Ivan"]
[Black "Puccini, Jack"]
[Result "1-0"]
[WhiteElo "2600"]
[BlackElo "2312"]
[PlyCount "81"]
[EventDate "2017.04.08"]
[EventType "swiss"]
[EventRounds "9"]
[EventCountry "THA"]
[SourceTitle "CBM 177 Extra"]
[Source "ChessBase"]
[SourceDate "2017.04.27"]
[SourceVersion "1"]
[SourceVersionDate "2017.04.27"]
[SourceQuality "1"]

1. d4 Nf6 2. c4 g6 3. g3 Bg7 4. Bg2 0-0 5. Nc3 d6 6. Nf3 Nc6 7. 0-0 a6 8. d5 Na5 9. Nd2 c5 10. Qc2 Rb8 11. a4 e6 12. b3 exd5 13. cxd5 Bd7 14. Bb2 Re8 15. Nce4 Bf5 16. Nxf6+ Bxf6 17. e4 Bd7 18. Rfe1 Rc8 19. Bc3 c4 20. b4 Nb3 21. Bxf6 Qxf6 22. Nxb3 cxb3 23. Qxb3 Rc3 24. Qb2 Rec8 25. a5 Bb5 26. Rad1 Qe7 27. e5 Rc2 28. Qd4 R8c4 29. Qb6 dxe5 30. d6 Qd7 31. Rxe5 Bc6 32. Bxc6 Rxc6 33. Qe3 Rc8 34. Re7 Qg4 35. Qd4 Qxd1+ 36. Qxd1 Rc1 37. Qxc1 Rxc1+ 38. Kg2 Rd1 39. Rxb7 Rxd6 40. Rb6 Rd4 41. Kf3 1-0